000 01146nam a2200277Ia 4500
001 ebr10447988
003 CaPaEBR
006 m u
007 cr cn|||||||||
008 980527s2010 xx a sb 001 0 eng d
020 _z9781608051908 (ebook)
040 _aCaPaEBR
_cCaPaEBR
035 _a(OCoLC)708569309
050 1 4 _aRS189
_b.R48 2010eb
245 0 0 _aReviews in pharmaceutical and biomedical analysis
_h[electronic resource] /
_ceditors, Paraskevas D. Tzanavaras & Constantinos K. Zacharis.
260 _a[S.l.] :
_bBentham e Books,
_c[2010]
300 _av, 151 p. :
_bill.
504 _aIncludes bibliographical references and index.
533 _aElectronic reproduction.
_bPalo Alto, Calif. :
_cebrary,
_d2011.
_nAvailable via World Wide Web.
_nAccess may be limited to ebrary affiliated libraries.
650 0 _aDrugs
_xAnalysis.
650 0 _aDrug monitoring.
655 7 _aElectronic books.
_2local
700 1 _aTzanavaras, Paraskevas D.
700 1 _aZacharis, Constantinos K.
856 4 0 _uhttp://site.ebrary.com/lib/rucke/Doc?id=10447988
_zAn electronic book accessible through the World Wide Web; click to view
999 _c247561
_d247561